Statistics for Countries Bordering India With a Map

Click here to take the quiz!

General Stats

  • This quiz has been taken 194 times
  • The average score is 6 of 6

Answers on the Map

Answers color-coded by a green-red scale on the quiz's map according to % correct below.
 

Answer Stats

Answer% Correct
Nepal
100%
Bhutan
99%
China
99%
Pakistan
99%
Bangladesh
98%
Myanmar
98%

Score Distribution

Percentile by Number Answered

Percent of People with Each Score

Your Score History

You have not taken this quiz